Introduction to calculus and analysis
Saved in:
| Main Author: | |
|---|---|
| Other Authors: | |
| Format: | Book |
| Language: | English |
| Published: |
Berlin ; : Heidelberg ; : New York :
Springer,
2000
|
| Series: | Classics in mathematics,
|
| Subjects: | |
| Tags: |
Add Tag
No Tags, Be the first to tag this record!
|
MARC
| LEADER | 00000nam a2200000 i 4500 | ||
|---|---|---|---|
| 001 | 1/66208 | ||
| 008 | 041119s2000 eng d | ||
| 020 | |a 3-540-66569-2 (τ.2) | ||
| 020 | |a 3-540-66570-6 | ||
| 035 | |l 10075357 | ||
| 040 | |a GR-MY-UA |b gre |e aacr | ||
| 041 | 0 | |a eng | |
| 082 | 0 | |a 515 |2 (21) | |
| 100 | 1 | |a Courant, Richard |d 1888-1972. | |
| 245 | 1 | 0 | |a Introduction to calculus and analysis / |c Richard Courant and Fritz John |
| 260 | |a Berlin ; : |a Heidelberg ; : |a New York : |b Springer, |c 2000 | ||
| 300 | |a 2 v.; |b εικ.; |c 24 εκ. | ||
| 490 | 1 | |a Classics in mathematics |x 1431-0821 | |
| 500 | |a Reprint of the 1989 edition | ||
| 504 | |a Περιλαμβάνει βιβλιογραφικές αναφορές και ευρετήριο | ||
| 505 | 0 | |a τ.2/1: Chapters 1-5τ.2/2: Chapters 5-8 | |
| 650 | 0 | 0 | |a Calculus. |
| 650 | 0 | 0 | |a Mathematical analysis. |
| 700 | 1 | |a John, Fritz |d 1910- | |
| 830 | 0 | |a Classics in mathematics, |x 1431-0821 | |
| 852 | |a INST |b CHIOS |e 20050613 |h 515 COU |p 005200021674 |q 005200021674 |t BK |y 0 |z τ.2/2 | ||
| 852 | |a INST |b CHIOS |e 20050613 |h 515 COU |p 005200021674 |q 005200021674 |t BK |v τ.2/2: |y 0 |z τ.2/2 | ||
| 852 | |a INST |b RHODES |e 20041119 |h 515 COU |p 005400017998 |q 005400017998 |t BK |y 0 |z τ.2/1 | ||
| 852 | |a INST |b RHODES |e 20041119 |h 515 COU |p 005400017998 |q 005400017998 |t BK |v τ.2/1: |y 0 |z τ.2/1 | ||
| 853 | |a INST |b CHIOS |h 515 COU | ||
| 853 | |a INST |b RHODES |h 515 COU | ||
| 901 | |a BIBL4-2004-3 | ||
| 901 | |a BIBL2-2005-2 | ||
| 909 | |a Ρ |b 116587 | ||
| 909 | |a X |b 118795 | ||
| 920 | |a ΔΙΕΥΡΥΝΣΗ |b ΕΠΕΑΕΚ-ΤΜΟΔ |y ΧΙΟΣ |z 2004-12 | ||
| 922 | |a 4ΕΛΗ |b 200408 |c ΕΠΕΑΕΚ2ΤΕΠΑΕΣ |d ΜΙΧΑΛΟΠΟΥΛΟΣ | ||
| 950 | |a 096-2004-10-04 | ||
| 970 | |a ΧΟΡΟΖΙΔΟΥ |b ΤΖΕΝΗ |z 2004/11/25 | ||